000 14534nas1a22013091i 4500
001 RU\NLR\INFOCOMM29\5000002158
005 20240723103333.0
035 _a(NLR Aleph) 002358924
090 _a4536160
_c4536160
100 _a20041124b19471955|||y0rusy50 ca
101 0 _arus
102 _aRU
110 _azyuzz 0|y|
200 1 _aИнформационный листок
_fМ-во лес. пром. СССР. Бюро по делам изобретательства
210 _aМ.
_aЛ.
_cГослесбумиздат
_d1947-1953
311 _aПрекр. на №253 1955
710 0 1 _aСССР
_bМинистерство лесной промышленности
_bБюро по делам изобретательства
_4070
712 0 2 _aВсесоюзное научное инженерно-техническое общество лесной промышленности и лесного хозяйства
_bТатарское респ. отделение
_4570
801 1 _aRU
_bInfoComm
_c20041124
801 0 _aRU
_bNLR
_gPSBO
852 _aNLR
_jП10/889
942 _cSE
980 _aRUSPER